Alexandre o grande (Registo nº 2738)

Detalhes MARC
000 -Etiqueta do registo
Cabeçalho 00808nam a22002771 4500
005 - Identificador da versão
Campo de controlo 20240828112542.0
010 ## - Número internacional normalizado dos livros (ISBN)
Número (ISBN) 9722617532
100 ## - Dados gerais de processamento
Dados gerais de processamento 20000720d2000 da y0pory500305 ba
101 1# - Língua de publicação
Língua do texto, banda sonora, etc. Português
Língua do documento no original Inglês
102 ## - Pais de publicação ou produção
País de publicação Portugal
105 ## - Campo de dados codificados: livros
Dados codificados dos livros a z 001yb
106 ## - Campo de dados codificados: material textual
Dados codificados do material textual r
200 1# - Titulo e menção de responsabilidade
Título próprio Alexandre o grande
Informação de outro título a lenda de um rei guerreiro
Primeira menção de responsabilidade escrito por Peter Chrisp
Outras menções de responsabilidade il. Peter Dennis
-- trad. Joana Malho
210 ## - Publicação, Distribuição, etc. 
Lugar da edição, distribuição, etc. Porto
Nome do editor, distribuidor, etc. Civilização
Data da publicação, distribuição, etc. cop. 2000
215 ## - Descrição física 
Indicação específica da natureza do documento e extensão da espécie 48 p.
Outras indicações físicas il.
Dimensões 29 cm
225 2# - Colecção 
Título próprio da colecção Descobrir
304 ## - Notas relativas a título e menção de responsabilidade 
Texto da nota Tít. orig.: Alexander the Great
606 ## - Nome comum usado como assunto
Número de registo de entrada de autoridade 0001662
Palavra de ordem História universal
Número de registo de entrada de autoridade 0000564
Palavra de ordem Biografias
675 ## - Classificação Decimal Universal (CDU)
Notação 92/94
Edição
Língua da edição por
700 #1 - Nome de autor-pessoa física (responsabilidade principal)
Número de registo de entrada de autoridade 0001664
Palavra de ordem Chrisp
Outra parte do nome não tomada para palavra de ordem Peter
702 #1 - Nome de autor-pessoa física (responsabilidade secundária)
Número de registo de entrada de autoridade 0001665
Palavra de ordem Dennis
Outra parte do nome não tomada para palavra de ordem Peter
Código de função Ilustrador / Técnico de desenho computorizado
Número de registo de entrada de autoridade 0001666
Palavra de ordem Malho
Outra parte do nome não tomada para palavra de ordem Joana
Código de função Tradutor
942 ## - Elementos de entrada adicionados (Koha)
Tipo de item no Koha Livro
Exemplares
Situação do levantamento Origin of item (home branch) (coded) Biblioteca de empréstimo Código de barras Cota Circulation type (not for loan) Tipo de documento Nota do exemplar Damaged status
  Biblioteca Escolar da Coca Maravilhas Biblioteca Escolar da Coca Maravilhas BECM4914/00 9UNI CHR   Livro Sem mensagem